00746cam a22002651 4500001001300000003000400013005001700017008004100034010001700075035002000092040001900112042001200131050002200143082001200165110004200177245002300219250001500242260002300257300003100280490003100311500001700342504002500359651002900384810006700413pa 58000068 DLC20260227111854.0840621s1958 dcuab b i000 0 eng  apa 58000068  a(OCoLC)10869144 aDLCcKWiUdDLC apremarc00aF1483.5b.P3 1958 a917.2842 aPan American Union.bTravel Division.10aVisit El Salvador. a[Rev. ed.] aWashingtonc[1958] a24 p.billus. map.c23 cm.1 aIts Travel in the Americas aCover title. aBibliography: p. 24. 0aEl SalvadorvGuidebooks.2 aPan American Union.bTravel Division.tTravel in the Americas.